00485nam a2200157Ia 4500003000400000008004100004040001600045082001900061100002200080245009600102260003400198300001000232650002800242650003000270650002700300GCL140319s9999 xx 000 0 eng d aGCL / cGCL04a305.26094bS G1 aSHAHAR, SHULAMITH10aCROWNING OLD IN THE MIDDLE AGES: WINTER CLOTHES US IN SHADOW AND PAIN / cSHAHAR, SHULAMITH a[S.N] : bROUTLEDGE ، c1996 a243 P04aAGED - EUROPE - HISTORY04aSOCIAL HISTORY - MEDIEVAL04aAGING - SOCIAL ASPECTS